Peace of soul. (Record no. 8673)

000 -LEADER
fixed length control field 00598nam a2200205 a 4500
001 - CONTROL NUMBER
control field :::00006449$&:&@@
003 - CONTROL NUMBER IDENTIFIER
control field OkBaRHE
005 - DATE AND TIME OF LATEST TRANSACTION
control field 20000607103331.0
008 - FIXED-LENGTH DATA ELEMENTS--GENERAL INFORMATION
fixed length control field s1949 j 000 0 eng u
040 ## - CATALOGING SOURCE
Transcribing agency
100 1# - MAIN ENTRY--PERSONAL NAME
Personal name Sheen, Fulton John, 1895-
245 10 - TITLE STATEMENT
Title Peace of soul.
260 ## - PUBLICATION, DISTRIBUTION, ETC. (IMPRINT)
Place of publication, distribution, etc New York, NY., :
Name of publisher, distributor, etc Whittlesey House
Date of publication, distribution, etc 1949
300 ## - PHYSICAL DESCRIPTION
Extent 264 p. ;
Dimensions : 21 cm.
650 ## - SUBJECT ADDED ENTRY--TOPICAL TERM
Topical term or geographic name as entry element Apologetics
General subdivision 20th Century
650 ## - SUBJECT ADDED ENTRY--TOPICAL TERM
Topical term or geographic name as entry element Conversion
650 ## - SUBJECT ADDED ENTRY--TOPICAL TERM
Topical term or geographic name as entry element Psychology Applied
942 ## - ADDED ENTRY ELEMENTS (KOHA)
Source of classification or shelving scheme
Koha item type Books
Copies
Source of classification or shelving scheme Full call number Price effective from Barcode Withdrawn status Koha item type Date last seen Not for loan Lost status Current Location Shelving location Damaged status Permanent Location Copy number Date acquired
 BT 1200 .S52010-04-146449 Books2018-05-10 MissingRHEMA Bible Training CollegeGeneral Stacks RHEMA Bible Training College12010-04-14